| 000 | 00625nam a2200217 a 4500 | ||
|---|---|---|---|
| 001 | 23864 | ||
| 003 | CO-ViMGA | ||
| 008 | 141112s2004 ck r 000 u spa d | ||
| 020 | _a9789580512905 | ||
| 040 |
_aCO-ViMGA _bspa _cCO-ViMGA |
||
| 082 | 0 | 4 | _aSANn |
| 100 | 1 |
_aSanchez Acosta, Raul _934571 |
|
| 245 | 1 | 0 |
_aLa novia del silencio / _cRaul Sanchez Acosta |
| 260 |
_aColombia : _beducar |
||
| 300 | _a125p. | ||
| 650 | 1 | 4 |
_a2 : CUENTOS COLOMBIANOS _934572 |
| 650 | 1 | 4 |
_a3 : MITOLOGIA - CUENTOS _934573 |
| 650 | 1 | 4 |
_a4 : LEYENDAS - CUENTOS _934574 |
| 650 | 1 | 4 |
_aCUENTOS FANTASTICOS COLOMBIANOS _934575 |
| 942 |
_2ddc _cBK |
||
| 999 |
_c31938 _d31938 |
||